[Event "4NCL Division 3 South"]
[Site "Milton Keynes, ENG"]
[Date "2022.06.25"]
[Round "7.53"]
[White "Evans, Daniel"]
[Black "Gardner, James"]
[Result "0-1"]
[WhiteElo "1586"]
[BlackElo "2024"]
[PlyCount "116"]
[EventDate "2022.06.25"]
[WhiteTeam "Cambridge University Y"]
[BlackTeam "MK Phoenix 1"]

1. e4 e5 2. Nc3 Nf6 3. f4 d5 4. fxe5 Nxe4 5. Nxe4 dxe4 6. d4 exd3 7. Qxd3 Qxd3
8. Bxd3 Nc6 9. Nf3 Bc5 10. Bf4 Bb6 11. c3 O-O 12. O-O-O Be6 13. Kb1 Rad8 14.
Bb5 Bd5 15. Bg5 Be4+ 16. Ka1 Rxd1+ 17. Rxd1 Bxf3 18. gxf3 Nxe5 19. Be7 Ra8 20.
b4 c6 21. Be2 Re8 22. Bd6 Nd7 23. Bc4 Nf6 24. f4 Rd8 25. Be2 Ne4 26. Be5 Rxd1+
27. Bxd1 f6 28. Bc2 fxe5 29. Bxe4 exf4 30. Kb2 g5 31. Bf3 Kg7 32. Kc2 h6 33.
Kd3 Kg6 34. h3 Kf6 35. c4 Ke5 36. a4 a5 37. c5 Ba7 38. bxa5 Bxc5 39. a6 b5 40.
Bxc6 bxa4 41. Bxa4 f3 42. Kd2 Kf4 43. Ke1 Kg3 44. Kf1 Kxh3 45. Be8 Kg3 46. Bh5
g4 47. Be8 Kf4 48. Bd7 g3 49. Bh3 Ba7 50. Bg2 fxg2+ 51. Kxg2 h5 52. Kh1 Kg4 53.
Kg2 h4 54. Kh1 Bb6 55. a7 Bxa7 56. Kg2 h3+ 57. Kh1 g2+ 58. Kh2 g1=Q# 0-1

[Event "4NCL Division 3 South"]
[Site "Milton Keynes, ENG"]
[Date "2022.06.25"]
[Round "7.54"]
[White "Brown, Alan M"]
[Black "Sivanandan, Bodhana"]
[Result "1-0"]
[WhiteElo "2019"]
[BlackElo "1568"]
[PlyCount "105"]
[EventDate "2022.06.25"]
[WhiteTeam "MK Phoenix 1"]
[BlackTeam "Cambridge University Y"]

1. d4 d5 2. c4 e6 3. Nf3 Nf6 4. Bg5 Be7 5. e3 O-O 6. Nc3 b6 7. cxd5 Nxd5 8.
Bxe7 Nxe7 9. Bd3 Ba6 10. O-O Bxd3 11. Qxd3 Nd7 12. Rfd1 Ng6 13. Rac1 Qe7 14. a3
Rfd8 15. Qc4 c5 16. dxc5 Qxc5 17. Qe2 Nf6 18. Nd5 Qf8 19. Nxf6+ gxf6 20. Rc7
Qe8 21. Nd2 Qa4 22. Rc4 Qb5 23. b3 Rd7 24. Rc8+ Rxc8 25. Qxb5 Rcd8 26. Qb4 Rd6
27. Kf1 a5 28. Qc3 e5 29. Ke2 Nf8 30. Rc1 Rxd2+ 31. Qxd2 Rxd2+ 32. Kxd2 Nd7 33.
Rc8+ Kg7 34. b4 axb4 35. axb4 b5 36. Rc6 e4 37. h3 Ne5 38. Rc5 Nd3 39. Rxb5
Nxf2 40. Rd5 Kf8 41. b5 Nd3 42. Rxd3 exd3 43. b6 Ke7 44. b7 Kd6 45. b8=Q+ Ke6
46. Kxd3 f5 47. Kd4 Kf6 48. Kd5 h6 49. Qd8+ Kg6 50. Ke5 Kh5 51. Qg8 Kh4 52.
Kxf5 f6 53. Qg4# 1-0

[Event "4NCL Division 3 South"]
[Site "Milton Keynes, ENG"]
[Date "2022.06.25"]
[Round "7.55"]
[White "Jayakumar, Bharath"]
[Black "Elwin, Adrian G"]
[Result "0-1"]
[WhiteElo "1498"]
[BlackElo "1980"]
[PlyCount "94"]
[EventDate "2022.06.25"]
[WhiteTeam "Cambridge University Y"]
[BlackTeam "MK Phoenix 1"]

1. d4 Nf6 2. c4 g6 3. Nc3 Bg7 4. Bf4 d6 5. Nf3 c6 6. e3 Bf5 7. Be2 O-O 8. O-O
h6 9. h3 g5 10. Bh2 Nbd7 11. Rc1 Bg6 12. b4 Ne4 13. c5 Ndf6 14. Nxe4 Nxe4 15.
cxd6 Nxd6 16. Ne5 Bh7 17. f4 Nf5 18. Qb3 gxf4 19. Bxf4 Nxd4 20. exd4 Qxd4+ 21.
Kh1 Bxe5 22. Qg3+ Bg7 23. Bxh6 Bg6 24. Rc4 Qd6 25. Qh4 Rad8 26. Rc5 Qd4 27. Rf4
Qa1+ 28. Kh2 Qxa2 29. Bxg7 Kxg7 30. Bc4 Qb1 31. Qxe7 Qb2 32. Bxf7 Rxf7 33.
Rxf7+ Bxf7 34. Qxd8 Qxb4 35. Qg5+ Kf8 36. Qh6+ Ke7 37. Re5+ Kd7 38. Qf6 Bd5 39.
Qg7+ Kd8 40. Qg6 Kc7 41. Qg7+ Kb6 42. Re7 c5 43. Qe5 Bc6 44. Qc7+ Ka6 45. Qg3
c4 46. Re1 Qb2 47. Qe5 Qxg2# 0-1

[Event "4NCL Division 3 South"]
[Site "Milton Keynes, ENG"]
[Date "2022.06.25"]
[Round "7.56"]
[White "Smith, Graham"]
[Black "Wang, Xiling"]
[Result "0-1"]
[WhiteElo "1982"]
[BlackElo "1080"]
[PlyCount "78"]
[EventDate "2022.06.25"]
[WhiteTeam "MK Phoenix 1"]
[BlackTeam "Cambridge University Y"]

1. Nf3 d5 2. d4 c6 3. e3 Nf6 4. c4 e6 5. Nc3 Bd6 6. Bd3 O-O 7. O-O b6 8. e4
dxc4 9. Bxc4 Bc7 10. Bg5 Qd7 11. Bxf6 gxf6 12. Qe2 b5 13. Bd3 Bb6 14. d5 Kh8
15. dxc6 Nxc6 16. Bxb5 Nd4 17. Nxd4 Qxd4 18. Rfd1 Qe5 19. Bc6 Rb8 20. Kh1 Bc7
21. g3 Rb6 22. f4 Qc5 23. Bb5 a6 24. Bd3 Qb4 25. Rd2 Qe7 26. h3 Rg8 27. Kh2 a5
28. Rc1 Bb7 29. Na4 Rc6 30. Rdc2 Qd6 31. e5 Rxc2 32. Qxc2 Qd4 33. Bxh7 Rxg3 34.
Kxg3 Qe3+ 35. Kh2 Qxf4+ 36. Kg1 Qg3+ 37. Kf1 Ba6+ 38. Qe2 Bxe2+ 39. Kxe2 Qxe5+
{#R} 0-1

[Event "4NCL Division 3 South"]
[Site "Milton Keynes, ENG"]
[Date "2022.06.25"]
[Round "7.61"]
[White "Rogacewicz, Mikolaj"]
[Black "Gaffney, Samuel"]
[Result "1-0"]
[WhiteElo "1974"]
[BlackElo "1854"]
[PlyCount "79"]
[EventDate "2022.06.25"]
[WhiteTeam "Sussex Martlets 2"]
[BlackTeam "Iceni 2"]

1. d4 Nf6 2. c4 e6 3. Nf3 b6 4. g3 Ba6 5. b3 Bb4+ 6. Nbd2 O-O 7. Bg2 Bb7 8. O-O
d5 9. Bb2 Nbd7 10. a3 Be7 11. Ne5 c5 12. e3 Rc8 13. f4 Qc7 14. Qe2 Rfd8 15. g4
Nxe5 16. fxe5 Nd7 17. cxd5 exd5 18. Rac1 Qb8 19. Qf3 Rf8 20. Qf5 Ba6 21. Qxd7
Bxf1 22. Nxf1 Bg5 23. Bxd5 Rcd8 24. Qf5 Rxd5 25. Qxg5 cxd4 26. exd4 Qb7 27. Ne3
Rd7 28. d5 Rc7 29. Rd1 h6 30. Qf4 Rd7 31. Nf5 Qc7 32. Rc1 Qb7 33. d6 Qa6 34.
Nxg7 Qe2 35. Bd4 Qd3 36. Nf5 Qxb3 37. Qxh6 f6 38. Ne7+ Kf7 39. Qg6+ Ke6 40.
Qf5+ 1-0

[Event "4NCL Division 3 South"]
[Site "Milton Keynes, ENG"]
[Date "2022.06.25"]
[Round "7.62"]
[White "Alderson, John K A"]
[Black "Sutton, Daniel"]
[Result "1-0"]
[WhiteElo "1781"]
[BlackElo "2039"]
[PlyCount "119"]
[EventDate "2022.06.25"]
[WhiteTeam "Iceni 2"]
[BlackTeam "Sussex Martlets 2"]

1. e4 e5 2. Nf3 Nc6 3. Be2 Nf6 4. d3 Bc5 5. c3 d6 6. b4 Bb6 7. Nbd2 a6 8. O-O
O-O 9. Bb2 Re8 10. a4 Ne7 11. d4 Ng6 12. Qc2 Bg4 13. Rfe1 c6 14. a5 Ba7 15.
Rad1 Qc7 16. Rc1 Rad8 17. h3 Bc8 18. Bf1 Nh5 19. Nc4 Nhf4 20. Ne3 Qe7 21. Nf5
Qf6 22. c4 exd4 23. Bxd4 Bxd4 24. N5xd4 c5 25. bxc5 dxc5 26. Nf5 Ne7 27. Nxe7+
Rxe7 28. Qc3 Qg6 29. Kh2 Rde8 30. e5 Qh5 31. Rcd1 Bg4 32. Re4 Bxf3 33. Qxf3
Qxf3 34. gxf3 g5 35. Rde1 Ng6 36. Bg2 Rxe5 37. Kg3 f5 38. Rxe5 Rxe5 39. Rxe5
Nxe5 40. f4 gxf4+ 41. Kxf4 Ng6+ 42. Kg5 Ne7 43. Bxb7 Kf7 44. Bxa6 Nc6 45. Bb7
Nxa5 46. Bd5+ Kg7 47. Kxf5 Nb3 48. Ke6 h6 49. f4 Nd4+ 50. Kd6 Ne2 51. Ke5 Kf8
52. f5 Ng1 53. h4 Ke7 54. f6+ Kd7 55. Kf5 Ne2 56. Kg6 Nf4+ 57. Kxh6 Nxd5 58.
cxd5 c4 59. f7 Ke7 60. Kg7 1-0

[Event "4NCL Division 3 South"]
[Site "Milton Keynes, ENG"]
[Date "2022.06.25"]
[Round "7.63"]
[White "Salmons, Calum"]
[Black "Kenning, Paul H"]
[Result "1-0"]
[WhiteElo "1932"]
[BlackElo "1852"]
[PlyCount "73"]
[EventDate "2022.06.25"]
[WhiteTeam "Sussex Martlets 2"]
[BlackTeam "Iceni 2"]

1. e4 d6 2. d4 Nf6 3. Nc3 e5 4. Nf3 Nbd7 5. Bc4 Be7 6. O-O c6 7. a4 Qc7 8. Re1
a5 9. h3 h6 10. Be3 Nf8 11. Qd3 Ng6 12. d5 O-O 13. Rad1 Nh5 14. Ne2 Kh7 15. g4
Nf6 16. dxc6 bxc6 17. Ng3 Ne8 18. Nf5 Bxf5 19. exf5 d5 20. fxg6+ fxg6 21. Nd2
dxc4 22. Nxc4 Nf6 23. Bb6 Qc8 24. Nxe5 Qe8 25. Nxg6 Qxg6 26. Rxe7 Rab8 27. Bd4
Qxd3 28. Rxd3 Kg6 29. b3 Rf7 30. Bxf6 Rxf6 31. Rdd7 Kg5 32. Rxg7+ Kh4 33. g5
Re6 34. gxh6 Kxh3 35. Rd3+ Kh4 36. Kg2 Kh5 37. Rh3# 1-0

[Event "4NCL Division 3 South"]
[Site "Milton Keynes, ENG"]
[Date "2022.06.25"]
[Round "7.64"]
[White "Lovell, Steve"]
[Black "Finn, Thomas"]
[Result "0-1"]
[WhiteElo "1814"]
[BlackElo "1934"]
[PlyCount "48"]
[EventDate "2022.06.25"]
[WhiteTeam "Iceni 2"]
[BlackTeam "Sussex Martlets 2"]

1. e4 e5 2. Nf3 Nf6 3. d4 Nxe4 4. dxe5 d5 5. Bd3 Nc6 6. Nbd2 Nc5 7. Bb5 Bd7 8.
Qe2 Nb4 9. Bxd7+ Qxd7 10. Nb3 Nxb3 11. axb3 d4 12. O-O d3 13. Qe4 dxc2 14. Qxb7
Rd8 15. Bg5 Be7 16. Bxe7 Qxe7 17. Rxa7 O-O 18. Ra4 Rd1 19. Ra1 Rxa1 20. Rxa1
Qc5 21. Qe4 c1=Q+ 22. Rxc1 Qxc1+ 23. Ne1 Nc2 24. Kf1 Qxe1+ 0-1

[Event "4NCL Division 3 South"]
[Site "Milton Keynes, ENG"]
[Date "2022.06.25"]
[Round "7.65"]
[White "Neale, George"]
[Black "Carter, Dominic A"]
[Result "1-0"]
[WhiteElo "1734"]
[BlackElo "1664"]
[PlyCount "75"]
[EventDate "2022.06.25"]
[WhiteTeam "Sussex Martlets 2"]
[BlackTeam "Iceni 2"]

1. d4 Nf6 2. Nf3 c5 3. c4 g6 4. g3 Bg7 5. Bg2 O-O 6. Nc3 cxd4 7. Nxd4 Nc6 8.
Bf4 Nh5 9. Nxc6 bxc6 10. Be3 Qa5 11. Qd2 Rb8 12. Rc1 Rd8 13. O-O d5 14. cxd5
cxd5 15. Nxd5 Qxd2 16. Bxd2 Bf8 17. Bb4 Rd7 18. Rfd1 Ba6 19. Nxe7+ Rxe7 20.
Bxe7 Bxe7 21. Rd7 Bf6 22. Bd5 Bxe2 23. Rxf7 Rd8 24. Bb3 Kh8 25. Rcc7 Bg7 26.
Rce7 Bg4 27. f3 Bh3 28. Kf2 Bd4+ 29. Ke2 Nf6 30. g4 g5 31. Bc2 Bxb2 32. Rxa7
Bc3 33. Bd3 Nd5 34. Rxh7+ Kg8 35. Bc4 Re8+ 36. Kd1 Re5 37. Rxh3 Bd4 38. Rd7 1-0

[Event "4NCL Division 3 South"]
[Site "Milton Keynes, ENG"]
[Date "2022.06.25"]
[Round "7.66"]
[White "Rosenbaum, Danny"]
[Black "Airlie, Arran"]
[Result "1/2-1/2"]
[WhiteElo "1628"]
[BlackElo "1776"]
[PlyCount "83"]
[EventDate "2022.06.25"]
[WhiteTeam "Iceni 2"]
[BlackTeam "Sussex Martlets 2"]

1. d4 Nf6 2. Nf3 e6 3. e3 d5 4. Bd3 c5 5. b3 Qc7 6. Bb2 Nbd7 7. Ne5 Be7 8. Nd2
O-O 9. O-O a6 10. a4 Rb8 11. f4 b5 12. axb5 axb5 13. Ba3 Bd6 14. Rf3 c4 15.
Bxd6 Qxd6 16. bxc4 bxc4 17. Be2 c3 18. Nb3 Ne4 19. Bd3 Nb6 20. Rh3 g6 21. Qe1
f6 22. Qh4 Rb7 23. Nxg6 hxg6 24. Qh8+ Kf7 25. Qh7+ Ke8 26. Qxg6+ Kd8 27. Bxe4
dxe4 28. Qxe4 Rg7 29. Nc5 Qd5 30. Rb1 Qxe4 31. Nxe4 Nd5 32. Kf2 Kc7 33. Rb3 e5
34. Rh5 exf4 35. exf4 Nxf4 36. Rxc3+ Kb7 37. g3 Nxh5 38. Rb3+ Ka7 39. c4 Nxg3
40. Ra3+ Kb8 41. Rb3+ Ka7 42. Ra3+ 1/2-1/2

[Event "4NCL Division 3 South"]
[Site "Milton Keynes, ENG"]
[Date "2022.06.25"]
[Round "7.71"]
[White "Machacek, Martin"]
[Black "Robinson, James"]
[Result "1-0"]
[WhiteElo "2035"]
[BlackElo "1919"]
[PlyCount "213"]
[EventDate "2022.06.25"]
[WhiteTeam "Poole"]
[BlackTeam "Barnet Knights B"]

1. Nf3 d5 2. e3 Nf6 3. b3 Bg4 4. Bb2 e6 5. h3 Bh5 6. Be2 Nbd7 7. O-O Bd6 8. c4
c6 9. d4 O-O 10. Ba3 Qe7 11. Bxd6 Qxd6 12. Nbd2 h6 13. c5 Qc7 14. b4 Bg6 15.
Nh4 Bh7 16. f4 Ne4 17. Nxe4 Bxe4 18. Nf3 f6 19. Nd2 Bh7 20. Qb3 a6 21. Bg4 Rfe8
22. e4 Kh8 23. e5 Bg6 24. Rae1 h5 25. Bd1 f5 26. Qg3 Nf8 27. Nb3 Qe7 28. Kh2
Bf7 29. Qc3 g5 30. Na5 Rab8 31. Qe3 Nh7 32. g3 Rg8 33. Rg1 Rg7 34. a4 Rbg8 35.
Be2 h4 36. gxh4 gxf4 37. Qxf4 Be8 38. Rb1 Qc7 39. Nb3 Qf7 40. Rbf1 Qe7 41. Qf2
Bd7 42. Qf4 Qf8 43. Nc1 Be8 44. Nd3 Qf7 45. Qh6 Rxg1 46. Rxg1 Rxg1 47. Kxg1
Qg7+ 48. Qxg7+ Kxg7 49. Nf4 Bd7 50. Kf2 Kh6 51. Ke3 Nf8 52. Bh5 Kg7 53. Kd3 Kh6
54. Kc3 Kg7 55. Kd3 Kh7 56. Ke2 Kg7 57. Kf2 Kh7 58. Kg3 Kh6 59. Be2 Be8 60. Bf3
Bf7 61. h5 Kg7 62. Bd1 Be8 63. Be2 Bd7 64. h6+ Kxh6 65. Bh5 Kg5 66. Bf7 Kh6 67.
Nh5 Kg5 68. Nf6 f4+ 69. Kf3 Bc8 70. Nh5 Ng6 71. Bxg6 Kxg6 72. Nf6 Kg5 73. Ne8
Bd7 74. Nd6 Kh4 75. Nxb7 Kxh3 76. Nd6 Kh4 77. Kxf4 Kh5 78. Nf7 Kg6 79. Ng5 Bc8
80. Nh3 Bd7 81. Nf2 Be8 82. Ng4 Bd7 83. Nf6 Bc8 84. Kg4 Kh6 85. Ng8+ Kg7 86.
Ne7 Bd7 87. Kg5 Kf7 88. Ng6 Kg7 89. Nf4 Be8 90. Nh5+ Kf7 91. Kh6 Bd7 92. Nf4
Be8 93. Nh3 Bd7 94. Ng5+ Kf8 95. Kg6 Ke7 96. Kg7 Be8 97. Nh7 Bh5 98. Nf6 Bd1
99. Ng8+ Kd7 100. Kf7 Bh5+ 101. Kf8 Bg6 102. Kg7 Bc2 103. Kf6 Bxa4 104. Ne7 Bb5
105. Ng6 Bd3 106. Nf8+ Ke8 107. Nxe6 1-0

[Event "4NCL Division 3 South"]
[Site "Milton Keynes, ENG"]
[Date "2022.06.25"]
[Round "7.72"]
[White "Horan, George"]
[Black "Stanciu, Ciprian"]
[Result "1/2-1/2"]
[WhiteElo "1858"]
[BlackElo "2005"]
[PlyCount "123"]
[EventDate "2022.06.25"]
[WhiteTeam "Barnet Knights B"]
[BlackTeam "Poole"]

1. d4 g6 2. c4 d6 3. g3 Bg7 4. Nf3 Nf6 5. Bg2 c6 6. Nc3 Nbd7 7. O-O Qc7 8. Qc2
O-O 9. e4 e5 10. dxe5 dxe5 11. h3 Re8 12. Be3 Nf8 13. Rfd1 Be6 14. b3 Rad8 15.
Kh2 Nh5 16. Rxd8 Rxd8 17. Rd1 Rxd1 18. Qxd1 f5 19. exf5 Bxf5 20. Nh4 Be6 21.
Ne4 Nf6 22. Qd6 Qc8 23. Nxf6+ Bxf6 24. Bh6 Kf7 25. Nf3 Nd7 26. Ng5+ Bxg5 27.
Bxg5 Qf8 28. Qd2 a6 29. Bh6 Qe7 30. f4 exf4 31. Qxf4+ Ke8 32. Bg5 Qc5 33. h4
Qe5 34. Qd2 Bg4 35. a3 Qe2 36. Qa5 h6 37. Bf4 Bf3 38. Qd2 Qxd2 39. Bxd2 Bxg2
40. Kxg2 h5 41. Kf3 Kf7 42. Kf4 Ke6 43. Be3 b5 44. cxb5 cxb5 45. Kg5 Kf7 46.
Bd4 Nf8 47. Kf4 Ke6 48. Kg5 Kf7 49. Kf4 Nd7 50. Ke4 Ke6 51. b4 Nb8 52. Bc3 Nc6
53. Kf4 Ne7 54. Ke4 Nf5 55. Kf4 Nd6 56. Bb2 Nc4 57. Bc1 Ne5 58. Kg5 Kf7 59. Bb2
Nc4 60. Bc1 Nd6 61. Kf4 Ke6 62. Kg5 1/2-1/2

[Event "4NCL Division 3 South"]
[Site "Milton Keynes, ENG"]
[Date "2022.06.25"]
[Round "7.73"]
[White "Duggan, Michael F G"]
[Black "Colliety, Sean"]
[Result "0-1"]
[WhiteElo "2054"]
[BlackElo "1857"]
[PlyCount "118"]
[EventDate "2022.06.25"]
[WhiteTeam "Poole"]
[BlackTeam "Barnet Knights B"]

1. d4 Nf6 2. c4 c5 3. d5 b5 4. Qc2 bxc4 5. e4 d6 6. Bxc4 g6 7. f4 Bg7 8. Nf3
Nbd7 9. O-O O-O 10. Nbd2 a5 11. Rb1 Nh5 12. f5 Ne5 13. Nxe5 Bxe5 14. Nf3 Bg7
15. Bd2 Ba6 16. fxg6 hxg6 17. b3 Bc8 18. Bc3 Qd7 19. Bxg7 Kxg7 20. e5 Qg4 21.
Qb2 f6 22. e6 Nf4 23. Qd2 Rh8 24. g3 Nh5 25. Rbe1 a4 26. Bd3 Ba6 27. Bxa6 Rxa6
28. Kf2 f5 29. Qg5 Qxg5 30. Nxg5 Nf6 31. h4 Nxd5 32. Rb1 Nc3 33. Rb2 axb3 34.
Rxb3 Rxa2+ 35. Kf3 Ne2 36. Rb7 Kf6 37. Rfb1 Nd4+ 38. Kf4 Re2 39. Rxe7 Nxe6+ 40.
Rxe6+ Rxe6 41. Nxe6 Kxe6 42. Kg5 c4 43. Rg1 Kf7 44. Ra1 Re8 45. Ra7+ Re7 46.
Ra6 Re4 47. Rxd6 Rg4+ 48. Kh6 Rxg3 49. h5 gxh5 50. Kxh5 c3 51. Rc6 Ke7 52. Kh4
Kd7 53. Rc5 Rf3 54. Kg5 Kd6 55. Rc8 Kd5 56. Kf6 Kd4 57. Rd8+ Ke3 58. Re8+ Kd2
59. Rd8+ Rd3 0-1

[Event "4NCL Division 3 South"]
[Site "Milton Keynes, ENG"]
[Date "2022.06.25"]
[Round "7.74"]
[White "Vaidya, Raghav"]
[Black "Smith, Richard"]
[Result "1/2-1/2"]
[WhiteElo "1830"]
[BlackElo "1943"]
[PlyCount "35"]
[EventDate "2022.06.25"]
[WhiteTeam "Barnet Knights B"]
[BlackTeam "Poole"]

1. c4 Nf6 2. Nc3 e6 3. e4 Nc6 4. Nf3 d5 5. cxd5 exd5 6. e5 d4 7. exf6 dxc3 8.
bxc3 Qxf6 9. d4 Bg4 10. Be2 h6 11. O-O Bd6 12. Qb3 O-O 13. Ba3 Rfe8 14. Rfe1
Bxa3 15. Qxa3 Qe7 16. Qxe7 Rxe7 17. h3 Rae8 18. Kf1 1/2-1/2

[Event "4NCL Division 3 South"]
[Site "Milton Keynes, ENG"]
[Date "2022.06.25"]
[Round "7.75"]
[White "Weatherlake, John P"]
[Black "Vyas, Alisha"]
[Result "0-1"]
[WhiteElo "1996"]
[BlackElo "1820"]
[PlyCount "104"]
[EventDate "2022.06.25"]
[WhiteTeam "Poole"]
[BlackTeam "Barnet Knights B"]

1. e4 c5 2. Nf3 d6 3. d4 cxd4 4. Nxd4 Nf6 5. Nc3 g6 6. Be3 Bg7 7. f3 Nc6 8. Qd2
O-O 9. Bc4 Bd7 10. O-O-O Ne5 11. Bb3 Qa5 12. Kb1 Rfc8 13. Bg5 Nc4 14. Bxc4 Rxc4
15. Bxf6 Bxf6 16. Nd5 Qxd2 17. Nxf6+ Kg7 18. Nh5+ Kh6 19. Rxd2 Kxh5 20. Re1 Kg5
21. e5 dxe5 22. f4+ Kh6 23. Rxe5 Re8 24. g3 Rc7 25. b3 Kg7 26. a4 f6 27. Rd5
Kf7 28. Kb2 Rec8 29. c4 a6 30. Nc2 Bc6 31. R5d4 h6 32. Nb4 Bf3 33. Nd5 Bxd5 34.
Rxd5 Rc6 35. Kc3 R8c7 36. Rd7 Ke6 37. Rxc7 Rxc7 38. Kb4 Kf5 39. Ka5 e5 40. fxe5
fxe5 41. c5 Rxc5+ 42. Kb6 Rc6+ 43. Kxb7 Re6 44. Rf2+ Ke4 45. b4 Ke3 46. Rb2 e4
47. b5 axb5 48. a5 Kf3 49. a6 e3 50. a7 Re7+ 51. Kb6 Rxa7 52. Kxa7 e2 0-1

[Event "4NCL Division 3 South"]
[Site "Milton Keynes, ENG"]
[Date "2022.06.25"]
[Round "7.76"]
[White "Borces, Randolf Catan"]
[Black "Popovic, Dragi"]
[Result "1-0"]
[WhiteElo "1800"]
[BlackElo "1713"]
[PlyCount "93"]
[EventDate "2022.06.25"]
[WhiteTeam "Barnet Knights B"]
[BlackTeam "Poole"]

1. d4 Nf6 2. Nf3 c6 3. c4 e6 4. g3 d6 5. Bg2 Be7 6. O-O O-O 7. Nc3 Nbd7 8. Qc2
d5 9. b3 b6 10. e4 dxe4 11. Nxe4 Bb7 12. Bb2 Qc7 13. Rad1 h6 14. Rfe1 Rad8 15.
Re2 Rfe8 16. h3 Nxe4 17. Qxe4 Nf6 18. Qc2 a6 19. Red2 a5 20. Ne1 Rd7 21. Nd3
Rc8 22. a3 Rdd8 23. Re2 b5 24. Kh2 Re8 25. Rde1 Qb8 26. Nc5 Ba8 27. Nd3 Bb7 28.
Nc5 Ba8 29. Nd3 Bb7 30. a4 b4 31. f4 Bd6 32. Ne5 Bf8 33. Qd3 Qc7 34. Qf3 Nd7
35. f5 Nxe5 36. Rxe5 Bd6 37. R5e3 Qd7 38. fxe6 Rxe6 39. Rxe6 fxe6 40. Qg4 Re8
41. d5 cxd5 42. cxd5 Qc7 43. Rxe6 Rd8 44. Bxg7 Bxg3+ 45. Qxg3 Qxg3+ 46. Kxg3
Kxg7 47. Re7+ 1-0

[Event "4NCL Division 3 South"]
[Site "Milton Keynes, ENG"]
[Date "2022.06.25"]
[Round "7.81"]
[White "Finn, Elizabeth"]
[Black "Nelson, Omowale"]
[Result "0-1"]
[WhiteElo "1667"]
[BlackElo "2011"]
[PlyCount "168"]
[EventDate "2022.06.25"]
[WhiteTeam "Sussex Martlets 3"]
[BlackTeam "Watford A"]

1. d4 d5 2. c4 dxc4 3. e3 Nf6 4. Bxc4 a6 5. Nf3 e6 6. Nc3 b5 7. Bd3 Bb7 8. a3
Nbd7 9. b4 Be7 10. Bb2 O-O 11. O-O Re8 12. Qe2 Bd6 13. e4 e5 14. d5 Nf8 15.
Rfd1 Ng6 16. Bc1 Qd7 17. Qc2 Nh5 18. Ne2 Qg4 19. h3 Qd7 20. Ng3 Nhf4 21. Nf5
Rac8 22. Bxf4 Nxf4 23. Bf1 Bf8 24. Qb2 Qd8 25. Rac1 g6 26. Ne3 Qf6 27. Ng4 Qd6
28. Qd2 Bg7 29. g3 Nh5 30. Nh6+ Kf8 31. Nh2 Red8 32. N2g4 c6 33. Bg2 cxd5 34.
Rxc8 Rxc8 35. Nh2 d4 36. N6g4 Qc6 37. Nf3 f6 38. Ne1 Qc3 39. Qa2 Qc4 40. Qd2
Rc7 41. Nd3 Qc2 42. Qe1 Rc3 43. Rd2 Qb3 44. Nc5 Qf7 45. Qa1 Kg8 46. Qxc3 dxc3
47. Rd8+ Qf8 48. Rxf8+ Bxf8 49. Nb3 Bc8 50. Ne3 Be6 51. Nc1 a5 52. bxa5 Bxa3
53. Ne2 Bb2 54. a6 Bc8 55. a7 Bb7 56. Nc2 Ng7 57. Ned4 Ne8 58. Nxb5 Kf8 59. Kf1
Ke7 60. Ke2 Kd7 61. Kd3 Nd6 62. Nxc3 Nc8 63. Ne3 Nxa7 64. Ncd5 Ke6 65. f4 Ba6+
66. Kc2 Bd4 67. Nc7+ Kf7 68. Nxa6 Bxe3 69. fxe5 fxe5 70. Nb4 Bf2 71. g4 Kf6 72.
Kd3 Kg5 73. Ke2 Bg3 74. Kf3 Kh4 75. Nd5 Nc6 76. Nf6 Nd4+ 77. Ke3 h6 78. Ng8 Ne6
79. Nxh6 Bf4+ 80. Kf3 Bxh6 81. Kf2 Nf4 82. Bf1 Nxh3+ 83. Bxh3 Kxh3 84. Kf3 Bg5
0-1

[Event "4NCL Division 3 South"]
[Site "Milton Keynes, ENG"]
[Date "2022.06.25"]
[Round "7.82"]
[White "Dasgupta, Avyukt"]
[Black "Nguyen, Anh"]
[Result "1-0"]
[WhiteElo "1992"]
[BlackElo "1700"]
[PlyCount "63"]
[EventDate "2022.06.25"]
[WhiteTeam "Watford A"]
[BlackTeam "Sussex Martlets 3"]

1. d4 Nf6 2. Bf4 e6 3. e3 c5 4. c3 d5 5. Nd2 Nc6 6. Ngf3 Bd6 7. Bxd6 Qxd6 8.
Bb5 O-O 9. O-O Bd7 10. Re1 Rac8 11. e4 dxe4 12. Nxe4 Nxe4 13. Rxe4 Rfd8 14. Qd3
h6 15. Rd1 a6 16. Bxc6 Bxc6 17. Ree1 c4 18. Qe3 Bxf3 19. Qxf3 Qd5 20. Qg3 Qd6
21. f4 b5 22. Re5 b4 23. f5 exf5 24. Re8+ Kh7 25. Qxd6 Rxe8 26. Qxb4 Rb8 27.
Qxc4 Rxb2 28. Qxf7 Ree2 29. Qxf5+ Kh8 30. Qg6 Rxa2 31. Rf1 Kg8 32. d5 1-0

[Event "4NCL Division 3 South"]
[Site "Milton Keynes, ENG"]
[Date "2022.06.25"]
[Round "7.83"]
[White "Woods, Timothy J"]
[Black "Lancaster, Roger"]
[Result "1/2-1/2"]
[WhiteElo "1635"]
[BlackElo "1965"]
[PlyCount "82"]
[EventDate "2022.06.25"]
[WhiteTeam "Sussex Martlets 3"]
[BlackTeam "Watford A"]

1. e4 e6 2. d4 d5 3. Nc3 Bb4 4. e5 c5 5. a3 Bxc3+ 6. bxc3 Qa5 7. Bd2 Qa4 8. Nf3
Nc6 9. Be2 Nge7 10. O-O cxd4 11. Qb1 a6 12. Qb2 Nf5 13. Rfd1 O-O 14. Rab1 Rb8
15. Bd3 dxc3 16. Qxc3 Nh4 17. Nxh4 Qxh4 18. Bxa6 f6 19. Bf4 fxe5 20. Bg3 Qh5
21. Bb5 Bd7 22. Bxc6 bxc6 23. Qxe5 Qxe5 24. Bxe5 Rb5 25. Rxb5 cxb5 26. Bd6 Rc8
27. Rd2 Kf7 28. f3 Rc4 29. Kf2 g5 30. Bb4 Bc6 31. c3 e5 32. g3 Ke6 33. Rd1 h5
34. Rd2 g4 35. f4 exf4 36. Rd4 fxg3+ 37. hxg3 Ke5 38. Rxc4 bxc4 39. Ke3 Ba4 40.
Bc5 Bc2 41. Bd4+ Kf5 1/2-1/2

[Event "4NCL Division 3 South"]
[Site "Milton Keynes, ENG"]
[Date "2022.06.25"]
[Round "7.84"]
[White "Taylor, Alistair"]
[Black "Blades, Kit"]
[Result "1-0"]
[WhiteElo "1850"]
[BlackElo "1488"]
[PlyCount "51"]
[EventDate "2022.06.25"]
[WhiteTeam "Watford A"]
[BlackTeam "Sussex Martlets 3"]

1. d4 d5 2. c4 e6 3. Nf3 Be7 4. Nc3 Nf6 5. Bf4 O-O 6. e3 b6 7. cxd5 exd5 8. Rc1
a6 9. Bd3 Bb7 10. O-O Nbd7 11. Qc2 c5 12. Ne5 c4 13. Bf5 g6 14. Bh3 b5 15. Bh6
Re8 16. f4 Qc7 17. f5 Nxe5 18. dxe5 Nd7 19. e6 Nf6 20. Ne2 Bc8 21. Nf4 Bc5 22.
Rce1 fxe6 23. fxe6 Bf8 24. Bg5 Ne4 25. Nxd5 Qe5 26. Qxe4 1-0

[Event "4NCL Division 3 South"]
[Site "Milton Keynes, ENG"]
[Date "2022.06.25"]
[Round "7.85"]
[White "Wannasin Bell, Charlie"]
[Black "Mead-Herbert, Bradley"]
[Result "1-0"]
[WhiteElo "1578"]
[BlackElo "1562"]
[PlyCount "71"]
[EventDate "2022.06.25"]
[WhiteTeam "Sussex Martlets 3"]
[BlackTeam "Watford A"]

1. e4 d5 2. exd5 Qxd5 3. Nc3 Qa5 4. d4 c6 5. Bd2 Nf6 6. Bd3 Bg4 7. Ne4 Qh5 8.
Nxf6+ gxf6 9. Be2 Bxe2 10. Qxe2 Qg6 11. O-O-O Qxg2 12. Nf3 Qg4 13. Bc3 Bh6+ 14.
Kb1 Qe6 15. Qd3 Qd5 16. Rhe1 e6 17. Nh4 Nd7 18. Nf5 Bf8 19. Qg3 O-O-O 20. Ne3
Bd6 21. Nxd5 Bxg3 22. Ne7+ Kc7 23. fxg3 Rhe8 24. d5 cxd5 25. Bb4 Nb6 26. Bc3
Rxe7 27. Bxf6 Red7 28. Bxd8+ Rxd8 29. Rd4 Nc4 30. b3 Na3+ 31. Kb2 Nb5 32. Rh4
Rh8 33. c4 dxc4 34. Rxc4+ Kd6 35. Rd1+ Ke5 36. Rc5+ 1-0

[Event "4NCL Division 3 South"]
[Site "Milton Keynes, ENG"]
[Date "2022.06.25"]
[Round "7.86"]
[White "Vig, Sanjay"]
[Black "Holmes, Adam Rafael"]
[Result "1-0"]
[WhiteElo "1554"]
[BlackElo "1414"]
[PlyCount "88"]
[EventDate "2022.06.25"]
[WhiteTeam "Watford A"]
[BlackTeam "Sussex Martlets 3"]

1. e4 e6 2. d4 d5 3. e5 c5 4. c3 Qb6 5. Nf3 Nc6 6. Bd3 Bd7 7. Nbd2 cxd4 8. cxd4
Nxd4 9. Nxd4 Qxd4 10. Nf3 Qb4+ 11. Kf1 Qb6 12. a3 Bc5 13. Qe2 Ne7 14. b4 Bd4
15. Nxd4 Qxd4 16. Bb2 Qb6 17. Qg4 Ng6 18. Bd4 Qc7 19. f4 f5 20. exf6 Qxf4+ 21.
Qxf4 Nxf4 22. fxg7 Rg8 23. Bxh7 O-O-O 24. Rc1+ Bc6 25. Bxg8 Rxg8 26. b5 Kd7 27.
bxc6+ bxc6 28. Rb1 Kc8 29. Be5 Kd7 30. Bxf4 Ke7 31. h4 Rxg7 32. Rb7+ Kf6 33.
Be5+ Kxe5 34. Rxg7 a5 35. Ke2 Kd4 36. Rc1 c5 37. Rg4+ Ke5 38. Rxc5 Kf6 39. Rc8
a4 40. Rg5 d4 41. Kd3 e5 42. Rc6+ Kf7 43. Rxe5 Kg7 44. Re7+ Kf8 1-0

[Event "4NCL Division 3 South"]
[Site "Milton Keynes, ENG"]
[Date "2022.06.25"]
[Round "7.91"]
[White "Smith, Mark"]
[Black "Clark, Ian C"]
[Result "1/2-1/2"]
[WhiteElo "1807"]
[BlackElo "1964"]
[PlyCount "56"]
[EventDate "2022.06.25"]
[WhiteTeam "Barnet Knights C"]
[BlackTeam "Wessex Some Stars B"]

1. d4 Nf6 2. Bg5 d5 3. Nc3 Nbd7 4. Qd3 c6 5. Nf3 e6 6. e4 dxe4 7. Nxe4 Be7 8.
h4 O-O 9. O-O-O Ng4 10. Ne5 Ndxe5 11. dxe5 Qxd3 12. Rxd3 Bxg5+ 13. hxg5 Nxe5
14. Rdh3 Ng6 15. Rxh7 Rd8 16. Bd3 Kf8 17. Nf6 Nf4 18. Rh8+ Ke7 19. Rxd8 Kxd8
20. Rh8+ Ke7 21. Re8+ Kd6 22. Ne4+ Kd7 23. Rg8 Nxd3+ 24. cxd3 g6 25. Nf6+ Ke7
26. d4 b6 27. Re8+ Kd6 28. Rf8 Ke7 1/2-1/2